Les 20 plus grandes aires urbaines du Moyent-Orient - Statistiques

Statistiques générales
  • Ce quiz a été pris 189 fois
  • Le résultat moyen est 14 sur 20
Statistiques - réponses
Pays Population Aire urbaine % Correct
Égypte 20 439 541 Le Caire
99%
Turquie 15 840 900 Istanbul
97%
Turquie 5 503 985 Ankara
93%
Arabie saoudite 6 920 365 Riyad
92%
Iran 15 980 037 Téhéran
91%
Irak 13 034 225 Bagdad
89%
Égypte 4 594 360 Alexandrie
88%
Koweït 4 727 665 Koweït
88%
Émirats arabes unis 5 429 549 Dubaï
87%
Liban 2 916 776 Beyrouth
86%
Israël 4 156 870 Tel Aviv - Jaffa
86%
Jordanie 6 101 172 Amman
80%
Yémen 2 957 392 Sanaa
68%
Turquie 4 320 519 Izmir
65%
Arabie saoudite 4 082 184 Djeddah
53%
Iran 3 569 639 Ispahan
30%
Irak 3 802 881 Bassora
27%
Turquie 2 994 521 Bursa
25%
Turquie 3 975 522 Adana - Mersin
20%
Iran 3 001 184 Mashhad
16%
Aucun quiz correspondant
Distribution des résultats
% des personnes avec chaque résultat
Percentile par nombre de réponses
Votre historique - résultats
Vous n’avez pas pris ce quiz